ՀՀ Գիտությունների ազգային ակադեմիայի հիմնարար գիտական գրադարան  =   Fundamental Scientific Library of NAS RA

Սուր եւ հուր : (Record no. 110663)

MARC details
000 -LEADER
fixed length control field 00847nam a2200205 a 4500
001 - CONTROL NUMBER
control field 000300572
003 - CONTROL NUMBER IDENTIFIER
control field AM-YeHGA
005 - DATE AND TIME OF LATEST TRANSACTION
control field 20250711133535.0
008 - FIXED-LENGTH DATA ELEMENTS--GENERAL INFORMATION
fixed length control field 040117s1910 ai 000 | arm d
040 ## - CATALOGING SOURCE
Original cataloging agency AM-YeHGA
041 0# - LANGUAGE CODE
Language code of text/sound track or separate title arm
090 ## - LOCALLY ASSIGNED LC-TYPE CALL NUMBER (OCLC); LOCAL CALL NUMBER (RLIN)
-- 111999
100 1# - MAIN ENTRY--PERSONAL NAME
Personal name Տեր-Գրիգորյան, Էմին Հովակիմի,
Dates associated with a name 1855-1939
9 (RLIN) 2825
245 10 - TITLE STATEMENT
Title Սուր եւ հուր :
Remainder of title (Ո՞վ է մեղաւոր) : Վեց էպիզօդներ 1905 թւի հայ-թաթարական ընդհարումներից Կովկասում /
Statement of responsibility, etc. Է. Տէր-Գրիգորեանց.
250 ## - EDITION STATEMENT
Edition statement 2-րդ տպագրութիւն
260 ## - PUBLICATION, DISTRIBUTION, ETC.
Place of publication, distribution, etc. Երեւան :
Name of publisher, distributor, etc. տպ. Էմին Տէր-Գրիգորեանցի,
Date of publication, distribution, etc. 1910.
300 ## - PHYSICAL DESCRIPTION
Extent 187 էջ
Other physical details 1 ներդ. թ. նոտա ;
Dimensions 22 սմ.
650 14 - SUBJECT ADDED ENTRY--TOPICAL TERM
Topical term or geographic name entry element Հայ գրականություն
General subdivision Թատերգություն
942 00 - ADDED ENTRY ELEMENTS (KOHA)
Koha issues (borrowed), all copies 12
Holdings
Withdrawn status Lost status Damaged status Not for loan Collection Home library Current library Date acquired Total checkouts Total renewals Full call number Barcode Date last seen Date last checked out Price effective from Koha item type Public note
        General Fundamental Scientific Library Fundamental Scientific Library 22/12/2016 4 2 AII/3073 FL0067764 11/07/2025 11/07/2025 22/12/2016 Գրքեր / Books 30 Days Loan
        General Fundamental Scientific Library Fundamental Scientific Library 22/12/2016 4 1 AII/3254 FL0026968 11/07/2025 11/07/2025 22/12/2016 Գրքեր / Books 30 Days Loan
        General Fundamental Scientific Library Fundamental Scientific Library 22/12/2016 4   AII/37973 220037973 11/07/2025 11/07/2025 22/12/2016 Գրքեր / Books 30 Days Loan


ՀՀ ԳԱԱ հիմնարար գիտական գրադարան
ՀՀ,Երևան 0019
Մարշալ Բաղրամյան 24/6
հեռախոս:(374-10) 52-47-50
Հետադարձ կապ

All site content, except where otherwise noted, is licensed under a
Creative Commons License